| 000 | 00401nam a22001697a 4500 | ||
|---|---|---|---|
| 005 | 20160623110429.0 | ||
| 008 | 160623b xxu||||| |||| 00| 0 eng d | ||
| 020 | _a0-19-566986-X | ||
| 041 | _aeng | ||
| 082 | _b9306 | ||
| 100 |
_aBajaj, Tueli and Srivastava _92559 |
||
| 245 | _aRetail Management | ||
| 260 |
_bOxford university _c2009 |
||
| 300 | _a622 | ||
| 650 |
_aManagement _9241 |
||
| 942 | _cBK | ||
| 999 |
_c3647 _d3646 |
||